000 00950nam a2200301 i 4500
003 EG-GICUC
005 20260412093837.0
008 260412s1965 enk||||fr|||| 00| 0 eng d
040 _aEG-GiCUC
_beng
_cEG-GiCUC
_dEG-GiCUC
_erda
082 0 4 _221
_a341.63
_bH A . C
092 0 4 _221
099 _aLaw1 11 341.63 H A . C 1965
100 _aHalperin Morton
_eAuthor.
245 1 4 _aChinese Nuclear Strategy ( The Early Post Detonation Period) :
_nVolume 18 /
_cBy Morton Halperin.
_b
264 1 _aLondon:
_bThe Institute For Strategic Studies,
_c1965.
300 _a15 pages;
_c24 cm
336 _2rda content
_atext
337 _2rda media
_aComputer
338 _2rda carrier
_aOnline Resource
490 _aAdelphi Papers
504 _a
546 _aText in English
650 1 4 _aPublic international law
_2
651 1 _2
856 4 0 _uhttps://fll.law.cu.edu.eg/fulltext/bks/B11-07889.pdf
905 _a64
942 _2ddc
_cBK
_e21
_n0
999 _c70155
_d70155